| 000 | 00425nam a22001337a 4500 | ||
|---|---|---|---|
| 082 |
_a915.52044 _bMAN |
||
| 100 | _aDr. Muhammad Mushtaq Ahmad Mangat, | ||
| 245 |
_aPhir chala musafir: Balochistan darya dil logon ka masken/ _cDr. Muhammad Mushtaq Ahmad Mangat, |
||
| 260 |
_aLahore: _bAasim publications; _c2023. |
||
| 300 | _a264p. | ||
| 563 | _aHB | ||
| 650 |
_aSafar nama, _aBaluchistan _9118574 |
||
| 942 |
_2ddc _cBK |
||
| 999 |
_c606777 _d606777 |
||